| 000 | 00741nam a2200241Ia 4500 | ||
|---|---|---|---|
| 003 | OSt | ||
| 005 | 20230511103022.0 | ||
| 008 | 210423s2000 xx 000 0 und d | ||
| 020 | _a978-0-393-97497-3 | ||
| 040 | _cAL | ||
| 041 | _aeng | ||
| 082 | _a821.8 PETY | ||
| 100 |
_aPETHICA (James) Ed _9102335 |
||
| 245 | _aYeatss poetry drama and prose: authoritative texts contexts criticism | ||
| 260 |
_aNew York _bW W Norton & Co., _c2000 |
||
| 300 |
_axxv,518p _bPB |
||
| 365 |
_b883.04 _cUSD |
||
| 440 |
_aNotron critical edition _9102336 |
||
| 650 |
_aEnglish Literature _9102337 |
||
| 650 |
_aEnglish Poetry _9102338 |
||
| 906 | _aauthoritative ; contexts ; criticism ; drama ; poetry ; prose: ; texts ; Yeatss | ||
| 942 |
_2ddc _cBK |
||
| 999 |
_c165838 _d165838 |
||